Sự phát triển của chủ nghĩa xã hội từ không tưởng đến khoa học

Ăngghen chỉ ra những hạn chế của các nhà triết học không tưởng Pháp; Phương pháp tư duy siêu hình của các nhà triết học Đức về CNXH; Phát hiện quan niệm về duy vật lịch sử và giá trị thặng dư...

保存先:
書誌詳細
第一著者: Ăng-ghen, Ph.
フォーマット: 図書
言語:Vietnamese
出版事項: H. Sự thật 1984
主題:
タグ: タグ追加
タグなし, このレコードへの初めてのタグを付けませんか!
Thư viện lưu trữ: Mạng thư viện Đại học Đà Nẵng
LEADER 01147nam a22003378a 4500
001 000008189
003 4373
005 20111014101022.0
008 111014s1984 b 000 0 vieod
020 |c 3,5đ  |d 7120b 
041 0 |a vie 
084 |b S550P 
084 |a A14 
100 1 |a Ăng-ghen, Ph. 
245 1 0 |a Sự phát triển của chủ nghĩa xã hội từ không tưởng đến khoa học  |c Ph. Ăng-ghen 
260 |a H.  |b Sự thật  |c 1984 
300 |a 186tr  |c 20cm 
520 |a Ăngghen chỉ ra những hạn chế của các nhà triết học không tưởng Pháp; Phương pháp tư duy siêu hình của các nhà triết học Đức về CNXH; Phát hiện quan niệm về duy vật lịch sử và giá trị thặng dư... 
653 |a Chủ nghĩa xã hội khoa học 
653 |a triết học 
653 |a tư duy siêu hình 
653 |a giá trị thặng dư 
653 |a Mác, Các 
OWN |a LSP 
999 |a From the UDN01 
TYP |a Monograph 
TYP |a Printed language 
980 |a Mạng thư viện Đại học Đà Nẵng